| 000 | 00756nam a22002895b 4500 | ||
|---|---|---|---|
| 001 | 0414727 | ||
| 003 | DO-SdBNP | ||
| 005 | 20180220134146.0 | ||
| 007 | 0414727 | ||
| 008 | 940929s1993 sp | |||| ||spa | ||
| 016 | 7 | _2BPMAU | |
| 017 |
_a _b |
||
| 020 | _a8434838036 | ||
| 035 | _a | ||
| 040 |
_aBPMSU _bspa _cBPMSU _e |
||
| 080 | 0 | _a | |
| 100 | 1 |
_aMendo, Miguel Ángel _d1949- |
|
| 245 | 1 | 3 |
_aUn museo siniestro / _cMiguel Ángel Mendo _h |
| 250 | _a4ª ed. | ||
| 260 |
_aMadrid : _bSM, _c1995 |
||
| 300 |
_a141 p.: _c19 cm |
||
| 490 |
_aEl barco de vapor _aSerie roja _v69 |
||
| 830 |
_aEl barco de vapor _pSerie roja _v69 |
||
| 942 |
_2ddc _cBK |
||
| 945 | _aInventariado, 2018 / BT | ||
| 956 |
_aVMATEO _210 _320160412 _6BPMSU _80069 |
||
| 999 |
_c9701 _d9701 |
||